Elite perceptions of the poor: reflections for a comparative research project /
Αποθηκεύτηκε σε:
| Κύριος συγγραφέας: | |
|---|---|
| Άλλοι συγγραφείς: | , , |
| Μορφή: | Κείμενο |
| Ετικέτες: |
Προσθήκη ετικέτας
Δεν υπάρχουν, Καταχωρήστε ετικέτα πρώτοι!
|
MARC
| LEADER | 00000 a a2200000 04500 | ||
|---|---|---|---|
| 001 | 48683 | ||
| 003 | |||
| 040 | |||
| 100 | |a De Swaan, Abram | ||
| 245 | |a Elite perceptions of the poor: |b reflections for a comparative research project / |c Abram De Swaan, James Manor, Else Oyen, Elisa P. Reis | ||
| 700 | |a Manor, James | ||
| 700 | |a Oyen, Else | ||
| 700 | |a Reis, Elisa P. | ||
| 773 | |g volumen 48, número 1, (2000), páginas 43-54 | ||
| 999 | |c 27588 |d 27588 | ||
